La Política ejidal en México / (Record no. 103323)
[ view plain ]
| 000 -LEADER | |
|---|---|
| fixed length control field | 00665cam a2200205 4500 |
| 008 - FIXED-LENGTH DATA ELEMENTS--GENERAL INFORMATION | |
| fixed length control field | s1976 mx spa |
| 100 1# - MAIN ENTRY--PERSONAL NAME | |
| Personal name | Aguirre Avellaneda, Jerjes |
| 245 13 - TITLE STATEMENT | |
| Title | La Política ejidal en México / |
| Statement of responsibility, etc | Jerjes Aguirre Avellaneda. |
| 260 ## - PUBLICATION, DISTRIBUTION, ETC. (IMPRINT) | |
| Place of publication, distribution, etc | México: |
| Name of publisher, distributor, etc | Instituto Mexicano de Sociología, |
| Date of publication, distribution, etc | 1976 |
| 300 ## - PHYSICAL DESCRIPTION | |
| Extent | 200 p.; |
| Dimensions | 21 cm. |
| 504 ## - BIBLIOGRAPHY, ETC. NOTE | |
| Bibliography, etc | Bibliografía: p. 191-198 |
| 504 ## - BIBLIOGRAPHY, ETC. NOTE | |
| Bibliography, etc | Incluye índice |
| 650 #7 - SUBJECT ADDED ENTRY--TOPICAL TERM | |
| Topical term or geographic name as entry element | Tenencia de la tierra |
| General subdivision | México |
| Source of heading or term | Lemb |
| 650 #7 - SUBJECT ADDED ENTRY--TOPICAL TERM | |
| Topical term or geographic name as entry element | Tierras |
| General subdivision | Tenencia |
| Source of heading or term | Lemb |
| 650 #7 - SUBJECT ADDED ENTRY--TOPICAL TERM | |
| Topical term or geographic name as entry element | Agricultura y estado |
| General subdivision | México |
| Source of heading or term | Lemb |
| 942 ## - ADDED ENTRY ELEMENTS (KOHA) | |
| Source of classification or shelving scheme | Biblioteca del Cogreso de los Estados Unidos |
| Koha item type | Libro |
| Estado de pérdida | Fuente de clasificación | Estado del daño | No para préstamo | Ubicación permanente | Ubicación actual | Apartado o colección | Fecha de adquisición | Edición | Área del conocimiento | Clasificación | Código de Barras | Date last seen | Número de copia | Tipo de recurso |
|---|---|---|---|---|---|---|---|---|---|---|---|---|---|---|
| Biblioteca del Cogreso de los Estados Unidos | Biblioteca de la Unidad de Ciencias Ingeniería y Humanidades | Biblioteca de la Unidad de Ciencias Ingeniería y Humanidades | General | 29/03/2019 | 1a. ed. | Ciencias Sociales y Administrativas | HD331 A48 1976 | BCU000006361 | 29/03/2019 | C:1 | Libro | |||
| Biblioteca del Cogreso de los Estados Unidos | Biblioteca de la Unidad de Ciencias Ingeniería y Humanidades | Biblioteca de la Unidad de Ciencias Ingeniería y Humanidades | General | 29/03/2019 | 1a. ed. | Ciencias Sociales y Administrativas | HD331 A48 1976 | BCU000006362 | 29/03/2019 | C:2 | Libro | |||
| Biblioteca del Cogreso de los Estados Unidos | Biblioteca de la Unidad de Ciencias Ingeniería y Humanidades | Biblioteca de la Unidad de Ciencias Ingeniería y Humanidades | General | 29/03/2019 | 1a. ed. | Ciencias Sociales y Administrativas | HD331 A48 1976 | BCU000006363 | 29/03/2019 | C:3 | Libro |